[Event "30.Schlosspark-Open"]
[Site "Wiesbaden-Biebrich"]
[Date "2018.08.23"]
[Round "1.77"]
[White "Busch, Guenther"]
[Black "Kuehn, Matthias"]
[Result "0-1"]
[WhiteElo "1509"]
[BlackElo "1972"]
[PlyCount "91"]
[EventDate "2018.??.??"]
[WhiteTeam "FC Bierstadt"]
[BlackTeam "SV Huerth-Berrenrath"]

1. Nf3 g6 2. c4 Bg7 3. Nc3 e5 4. d3 Nc6 5. g3 f5 6. Bg2 Nf6 7. e4 O-O 8. Bg5 h6
9. Bxf6 Rxf6 10. O-O d6 11. Nd5 Rf7 12. Nh4 Kh7 13. exf5 gxf5 14. Rb1 Nd4 15.
Qh5 Kg8 16. Nc3 c6 17. Ne2 Qg5 18. Bf3 Nxf3+ 19. Qxf3 Bd7 20. Nc3 Raf8 21. Qg2
Kh7 22. f4 exf4 23. Rxf4 Be5 24. Nf3 Qg6 25. Nxe5 dxe5 26. Rh4 Qd6 27. d4 exd4
28. Rd1 c5 29. Qd2 Bc6 30. Nd5 Bxd5 31. cxd5 Rf6 32. Qg2 Rd8 33. Re1 Rg6 34.
Rf4 Qxd5 35. Re7+ Rg7 36. Rxg7+ Kxg7 37. Qxd5 Rxd5 38. Rf1 b6 39. Kf2 Kf6 40.
Ke2 Re5+ 41. Kd2 Ke6 42. b3 b5 43. Rc1 Kd5 44. Rb1 c4 45. bxc4+ bxc4 46. Rb6
0-1

[Event "30.Schlosspark-Open"]
[Site "Wiesbaden-Biebrich"]
[Date "2018.08.23"]
[Round "1.78"]
[White "Triantafillidis, Simeon"]
[Black "Scheve, Pierre"]
[Result "1-0"]
[WhiteElo "1972"]
[BlackElo "1503"]
[PlyCount "47"]
[EventDate "2018.??.??"]
[WhiteTeam "SF HN-Biberach"]
[BlackTeam "TuS Dotzheim"]

1. e4 c5 2. Nf3 e6 3. d4 cxd4 4. Nxd4 Bc5 5. Be3 Qb6 6. Nc3 Nc6 7. Na4 Qa5+ 8.
Nc3 Qb6 9. Na4 Qa5+ 10. c3 Bxd4 11. Bxd4 Nxd4 12. Qxd4 Nf6 13. e5 Nd5 14. Bd3
Ne7 15. Nc5 b6 16. Nb3 Qd5 17. Be4 Qxd4 18. Nxd4 Rb8 19. Nb5 a6 20. Nd6+ Kf8
21. O-O-O b5 22. Nxc8 Rxc8 23. Rxd7 g6 24. Bb7 1-0

[Event "30.Schlosspark-Open"]
[Site "Wiesbaden-Biebrich"]
[Date "2018.08.23"]
[Round "1.79"]
[White "Hedrich, Gerd"]
[Black "Bremer, Vincent"]
[Result "0-1"]
[WhiteElo "1497"]
[BlackElo "1968"]
[PlyCount "60"]
[EventDate "2018.??.??"]
[WhiteTeam "Wiesbadener SV"]
[BlackTeam "SC Lerchenberg/ZMO"]

1. Nf3 c5 2. c4 g6 3. Nc3 Bg7 4. g3 e6 5. Bg2 d5 6. cxd5 exd5 7. d4 Nc6 8. dxc5
Nge7 9. O-O O-O 10. a3 d4 11. Ne4 Be6 12. Rb1 Bf5 13. Qd3 Qd5 14. Nh4 Bxe4 15.
Bxe4 Qxc5 16. b4 Qb6 17. Nf3 Rfd8 18. Qb3 Rac8 19. Bb2 Na5 20. Qa2 Nc4 21. Bd3
Nxb2 22. Rxb2 Rc7 23. Ng5 Nc6 24. Rc2 Ne5 25. Rxc7 Qxc7 26. Be4 Qc4 27. Qxc4
Nxc4 28. Bxb7 Nxa3 29. Ra1 d3 30. exd3 Bxa1 0-1

[Event "30.Schlosspark-Open"]
[Site "Wiesbaden-Biebrich"]
[Date "2018.08.23"]
[Round "1.80"]
[White "Wolff, Michael"]
[Black "Miranda Martin, Pablo Mateo"]
[Result "1-0"]
[WhiteElo "1962"]
[BlackElo "1494"]
[PlyCount "83"]
[EventDate "2018.??.??"]
[WhiteTeam "Ford SF Koeln"]
[BlackTeam "SV Walldorf"]

1. e4 c6 2. d4 d5 3. exd5 cxd5 4. c4 e6 5. Nf3 Nf6 6. Nc3 Be7 7. Be3 O-O 8. c5
b6 9. b4 Ba6 10. b5 Bc8 11. c6 Bb4 12. Qb3 Bxc3+ 13. Qxc3 Ne4 14. Qc1 Qe7 15.
Rb1 Nd6 16. Bd3 a6 17. a4 f6 18. O-O e5 19. Ne1 e4 20. Be2 Rf7 21. Nc2 Nf5 22.
Bd2 h6 23. Re1 g5 24. Ne3 Nxe3 25. fxe3 Be6 26. a5 Qc7 27. axb6 Qxb6 28. bxa6
Qxc6 29. Rxb8+ Qc8 30. Rxc8+ Bxc8 31. Qc6 Kg7 32. Qxa8 Be6 33. Qb7 Rd7 34. Bb5
Rxb7 35. axb7 Bf7 36. b8=Q Kg6 37. Qd6 g4 38. Rf1 Kh5 39. Rxf6 Bg6 40. Rxg6 g3
41. Rxh6+ Kg4 42. Qg6# 1-0

[Event "30.Schlosspark-Open"]
[Site "Wiesbaden-Biebrich"]
[Date "2018.08.23"]
[Round "1.81"]
[White "Sitta, Stefan"]
[Black "Steimbach, Isabel"]
[Result "0-1"]
[WhiteElo "1487"]
[BlackElo "1957"]
[PlyCount "60"]
[EventDate "2018.??.??"]
[WhiteTeam "Sfr. Wiesbaden"]
[BlackTeam "OSG Baden-Baden"]

1. e4 e5 2. Nf3 d6 3. Bc4 Nf6 4. d3 Be7 5. Bg5 O-O 6. c3 c6 7. O-O Qc7 8. Nbd2
Nbd7 9. b4 d5 10. Bb3 Nb6 11. Bxf6 Bxf6 12. d4 Bg4 13. Qc2 exd4 14. cxd4 Qf4
15. e5 Be7 16. a3 f6 17. Qd3 Bf5 18. Qe3 fxe5 19. Qxe5 Bd6 20. Qxf4 Bxf4 21.
Rfe1 Rae8 22. Rad1 Nd7 23. Ba2 Nf6 24. Bb1 Bg4 25. Nf1 Ne4 26. Ne3 Bxf3 27.
gxf3 Ng5 28. Kg2 Nxf3 29. Kxf3 Bxe3+ 30. Kg3 Bxf2+ 0-1

[Event "30.Schlosspark-Open"]
[Site "Wiesbaden-Biebrich"]
[Date "2018.08.23"]
[Round "1.82"]
[White "Gentner, Markus"]
[Black "Troeger, Beate"]
[Result "1-0"]
[WhiteElo "1953"]
[BlackElo "1486"]
[PlyCount "65"]
[EventDate "2018.??.??"]
[WhiteTeam "SC Murrhardt"]
[BlackTeam "Vorw.Orient Mainz"]

1. Nf3 d6 2. d4 g6 3. c4 Bg7 4. Nc3 Nf6 5. e4 O-O 6. h3 b6 7. Be2 Re8 8. Bg5
Nc6 9. d5 Ne5 10. Nd4 Bb7 11. O-O c5 12. Nc2 h6 13. Bh4 Nh7 14. f4 Nd7 15. Rb1
Bxc3 16. bxc3 Ndf6 17. e5 dxe5 18. fxe5 Ne4 19. Qd3 f5 20. exf6 exf6 21. Bf3
Neg5 22. Qxg6+ Kh8 23. Qxh6 Rg8 24. Bg4 Bc8 25. Bxc8 Rxc8 26. Bxg5 Rxg5 27.
Rbe1 Qd6 28. Ne3 Rcg8 29. Ng4 R5g6 30. Qh5 Qd8 31. Rf5 Rg5 32. Rxg5 Rxg5 33.
Re8+ 1-0

[Event "30.Schlosspark-Open"]
[Site "Wiesbaden-Biebrich"]
[Date "2018.08.23"]
[Round "1.83"]
[White "Schneider, Stephan"]
[Black "Haasner, Tom"]
[Result "0-1"]
[WhiteElo "1470"]
[BlackElo "1950"]
[PlyCount "54"]
[EventDate "2018.??.??"]
[WhiteTeam "SF Riedlingen"]
[BlackTeam "TSV Rottendorf"]

1. e4 c5 2. Nc3 Nc6 3. f4 g6 4. Nf3 Bg7 5. Bb5 Nd4 6. O-O e6 7. d3 Ne7 8. f5
gxf5 9. exf5 Nexf5 10. Nxd4 Bxd4+ 11. Kh1 Qh4 12. Ne4 O-O 13. Rxf5 exf5 14. Bg5
Qg4 15. Qxg4 fxg4 16. Nf6+ Bxf6 17. Bxf6 d5 18. Re1 Be6 19. Re5 h6 20. d4 c4
21. c3 Kh7 22. Ba4 Kg6 23. Be7 Rh8 24. Bc2+ Kg7 25. h3 Rae8 26. Bh4 f6 27. Re3
Bd7 0-1

[Event "30.Schlosspark-Open"]
[Site "Wiesbaden-Biebrich"]
[Date "2018.08.23"]
[Round "1.84"]
[White "Davidov, Georgi"]
[Black "Baehrle, Julius"]
[Result "1-0"]
[WhiteElo "1945"]
[BlackElo "1373"]
[PlyCount "85"]
[EventDate "2018.??.??"]
[WhiteTeam "SC Rotenburg"]
[BlackTeam "FC Bierstadt"]

1. e4 Nf6 2. e5 Nd5 3. d4 e6 4. c4 Nb6 5. Nc3 g6 6. Be3 Bg7 7. f4 Bh6 8. Nf3
O-O 9. Be2 Na6 10. a3 Bg7 11. O-O Qe7 12. b4 Nb8 13. Qb3 d6 14. Rad1 Rd8 15.
Rd2 Nc6 16. b5 Na5 17. Qb4 Naxc4 18. Bxc4 Rb8 19. Ba2 Bf8 20. Ne4 d5 21. Qxe7
Bxe7 22. Nc5 a6 23. bxa6 Bf8 24. axb7 Bxb7 25. Rc1 Be7 26. Rdc2 Rdc8 27. Bd2
Bxc5 28. Rxc5 Na4 29. Rxc7 Rxc7 30. Rxc7 Ba6 31. Bb4 Nb2 32. Bb1 Nc4 33. Ng5 h6
34. Nxf7 Kg7 35. Nd6+ Kg8 36. Bxg6 Rf8 37. Nxc4 Bxc4 38. Bh7+ Kh8 39. Bxf8 Bb5
40. Bxh6 Bd7 41. Bg6 Bb5 42. Rc8+ Be8 43. Rxe8# 1-0

[Event "30.Schlosspark-Open"]
[Site "Wiesbaden-Biebrich"]
[Date "2018.08.23"]
[Round "1.85"]
[White "Raima, Jan"]
[Black "Rump, Andreas"]
[Result "0-1"]
[WhiteElo "1366"]
[BlackElo "1936"]
[PlyCount "86"]
[EventDate "2018.??.??"]
[WhiteTeam "FC Bierstadt"]
[BlackTeam "SG Idstein"]

1. b4 Nf6 2. a3 e5 3. Bb2 d6 4. c4 Be7 5. d3 O-O 6. g3 c6 7. Bg2 Nbd7 8. Nc3
Qc7 9. Nf3 Re8 10. O-O Nf8 11. Nd2 Bg4 12. f3 Be6 13. Qc2 a6 14. Nd1 Qd7 15.
Nf2 Ng6 16. Nb3 Nh5 17. Rfd1 Qc7 18. Bc3 Rac8 19. Rac1 f5 20. Bb2 Bg5 21. Rb1
Be3 22. Rf1 Nf6 23. Bc1 Ba7 24. Bb2 f4 25. g4 Nh4 26. Bh3 Be3 27. Bc1 Bxf2+ 28.
Kxf2 h5 29. Rg1 hxg4 30. fxg4 g5 31. Nd2 Qd7 32. Nf3 Nxf3 33. exf3 Qh7 34. Rg2
d5 35. Rb2 e4 36. dxe4 dxe4 37. Qc3 exf3 38. Kxf3 Qxh3+ 39. Rg3 Bxg4+ 40. Kf2
fxg3+ 41. Qxg3 Ne4+ 42. Kg1 Nxg3 43. Rf2 Re1+ 0-1

[Event "30.Schlosspark-Open"]
[Site "Wiesbaden-Biebrich"]
[Date "2018.08.23"]
[Round "1.86"]
[White "Lagaras, Stylianos"]
[Black "Rosen, Thomas"]
[Result "1-0"]
[WhiteElo "1934"]
[BlackElo "1235"]
[PlyCount "45"]
[EventDate "2018.??.??"]
[WhiteTeam "vereinslos"]
[BlackTeam "SV Lahn Limburg"]

1. d4 d6 2. e4 Nf6 3. Nc3 g6 4. Be3 Bg7 5. Qd2 Nbd7 6. O-O-O c6 7. f3 b5 8. Bh6
O-O 9. h4 b4 10. Nce2 Qa5 11. Kb1 Nb6 12. Nc1 Ba6 13. Bxa6 Qxa6 14. b3 e5 15.
Nge2 exd4 16. h5 Qb5 17. hxg6 hxg6 18. Nxd4 Qe5 19. Nxc6 Qe8 20. Qxd6 Rc8 21.
Ne7+ Kh8 22. Bxg7+ Kxg7 23. Nxc8 1-0

[Event "30.Schlosspark-Open"]
[Site "Wiesbaden-Biebrich"]
[Date "2018.08.23"]
[Round "1.87"]
[White "Stollreiter, Marc"]
[Black "Geltz, Noah"]
[Result "0-1"]
[WhiteElo "1183"]
[BlackElo "1931"]
[PlyCount "88"]
[EventDate "2018.??.??"]
[WhiteTeam "Koelner SK Dr. Lasker"]
[BlackTeam "SF HN-Biberach"]

1. c4 e5 2. Nc3 Nf6 3. g3 Nc6 4. Bg2 g6 5. d3 Bg7 6. Bg5 h6 7. Bd2 O-O 8. e4 d6
9. Nge2 a6 10. O-O Rb8 11. Nd5 b5 12. b3 Kh7 13. Qc1 Bd7 14. Rb1 Na7 15. f4
bxc4 16. Nxf6+ Qxf6 17. fxe5 Qxe5 18. Bc3 Qc5+ 19. d4 Qb5 20. a4 Qg5 21. Bd2
Qd8 22. Qxc4 Nb5 23. Qd3 Na7 24. Qxa6 Nb5 25. Qa5 Nxd4 26. Nxd4 Bxd4+ 27. Kh1
Be6 28. Rbc1 c5 29. Qxd8 Rfxd8 30. Bc3 Bxc3 31. Rxc3 Rxb3 32. Rfc1 Rxc3 33.
Rxc3 Rb8 34. Rc1 Rb2 35. Ra1 c4 36. a5 c3 37. Bf1 c2 38. Bd3 Bc4 39. Bxc2 Rxc2
40. a6 Bd3 41. Ra4 Rc8 42. a7 Bc2 43. a8=Q Rxa8 44. Rxa8 Bxe4+ 0-1

[Event "30.Schlosspark-Open"]
[Site "Wiesbaden-Biebrich"]
[Date "2018.08.23"]
[Round "1.88"]
[White "Kobs, Stephan"]
[Black "Sturm, Holger"]
[Result "1-0"]
[WhiteElo "1926"]
[BlackElo "1117"]
[PlyCount "59"]
[EventDate "2018.??.??"]
[WhiteTeam "SV Esens"]
[BlackTeam "Schierstein"]

1. e4 c6 2. d4 d5 3. exd5 cxd5 4. c4 e6 5. Nc3 Nf6 6. Nf3 Nc6 7. Bg5 Be7 8. c5
a6 9. Bd3 O-O 10. a3 b6 11. b4 bxc5 12. bxc5 Bb7 13. O-O Re8 14. Na4 Rb8 15.
Bf4 Ra8 16. h3 Ne4 17. Nb6 Ra7 18. Re1 Bf6 19. Bc2 Nxc5 20. dxc5 Bxa1 21. Qxa1
f6 22. Bd6 Na5 23. Qc3 Nc6 24. Ba4 Kh8 25. Nd4 e5 26. Nxc6 Bxc6 27. Bxc6 Re6
28. Bxd5 Rxd6 29. cxd6 Qxb6 30. Qc8+ 1-0

[Event "30.Schlosspark-Open"]
[Site "Wiesbaden-Biebrich"]
[Date "2018.08.23"]
[Round "1.89"]
[White "Ostendorph, Elias"]
[Black "Li, Maxim"]
[Result "0-1"]
[WhiteElo "1281"]
[BlackElo "1851"]
[PlyCount "68"]
[EventDate "2018.??.??"]
[WhiteTeam "TSG Oehringen"]
[BlackTeam "Wiesbadener SV"]

1. Nf3 g6 2. g3 Bg7 3. Bg2 d6 4. d4 Nc6 5. O-O e5 6. dxe5 Nxe5 7. Nxe5 Bxe5 8.
f4 Bg7 9. c4 Ne7 10. e4 O-O 11. Nc3 Be6 12. Nd5 Rb8 13. Be3 Bxb2 14. Rb1 Bg7
15. Bxa7 Ra8 16. Rxb7 Nxd5 17. cxd5 Bc8 18. Qb3 Rxa7 19. Rxa7 Bd4+ 20. Kh1 Bxa7
21. e5 Bf5 22. e6 Qb8 23. exf7+ Kxf7 24. Rc1 Bc5 25. Qc3 Re8 26. Qc4 Re7 27. h3
h5 28. g4 hxg4 29. Qf1 gxh3 30. Bf3 Qb2 31. Rxc5 dxc5 32. d6 cxd6 33. Bd5+ Kg7
34. Qa6 Re1+ 0-1

[Event "30.Schlosspark-Open"]
[Site "Wiesbaden-Biebrich"]
[Date "2018.08.23"]
[Round "1.91"]
[White "Masoudi, Kian"]
[Black "Rutsatz, Mario"]
[Result "0-1"]
[WhiteElo "1588"]
[BlackElo "1999"]
[PlyCount "38"]
[EventDate "2018.??.??"]
[WhiteTeam "SC Bergen-Enkheim"]
[BlackTeam "SF Frankfurt"]

1. e4 e6 2. d4 d5 3. Nc3 Bb4 4. Bd2 Nc6 5. Qg4 Nf6 6. Qxg7 Rg8 7. Qh6 Bf8 8.
Qe3 Ng4 9. Qd3 Nb4 10. Qb5+ Bd7 11. Qe2 Nxc2+ 12. Kd1 Nxd4 13. Qe1 dxe4 14. h3
Nf6 15. Rc1 Bc6 16. Nge2 Nf5 17. Kc2 Qd3+ 18. Kb3 O-O-O 19. Bf4 Bd5+ 0-1